Law & Order: SVU characters in 100+ episodes - Statistics

General Stats
  • This quiz has been taken 37 times
  • The average score is 8 of 11
Answer Stats
Episodes Character % Correct
592 Olivia Benson
100%
286 Elliot Stabler
97%
326 John Munch
90%
563 Fin Tutuola
83%
281 Amanda Rollins
76%
333 Donald Cragen
72%
114 Casey Novak
66%
242 Dominick Carisi
66%
119 Rafael Barba
48%
226 Melinda Warner
45%
232 George Huang
41%
No matching quizzes found
Score Distribution
Percent of People with Each Score
Percentile by Number Answered
Your Score History
You have not taken this quiz